系統名の数字の前につく文字【京王バス編】 - Statistics

General Stats
  • This quiz has been taken 38 times
  • The average score is 37 of 47
Answer Stats
略号 地名・駅名など % Correct
高円寺
100%
八王子
100%
高尾
100%
八幡山
100%
高幡不動
100%
国分寺
96%
西 西八王子
96%
調 調布
96%
寺田東
96%
宿 新宿
93%
中野
93%
三鷹
93%
東小金井
93%
府中
93%
中河原
93%
聖蹟桜ヶ丘
93%
北野
93%
八王子みなみ野
93%
多摩センター
93%
武蔵小金井
89%
国立
89%
日野
89%
豊田
89%
渋谷
89%
永福町
89%
永山
89%
分倍河原
86%
南大沢
86%
武蔵境
82%
立川
82%
めじろ台
82%
高尾山口
82%
西国 西国分寺
79%
京王堀之内
75%
若葉台
71%
千歳烏山
68%
飛田給
68%
平山城址公園
64%
稲城
64%
新高円寺
61%
つつじヶ丘
57%
経堂
36%
多磨霊園
36%
千歳船橋
25%
八南 八王子市南町
21%
西府 西府
21%
め小 めじろ台(小型車)
14%
No matching quizzes found
Score Distribution
Percent of People with Each Score
Percentile by Number Answered
Your Score History
You have not taken this quiz